Bilder von schweizer Ortschaften - Statistiken

Allgemein
  • Dieses Quiz wurde 27 mal gespielt
  • Das Durchschnittsergebnis liegt bei 27 aus 52
Antwortstatistiken
Bildquiz Antwort % Korrekt
Bern
100%
Zürich
100%
Luzern
95%
Lugano
89%
Basel
84%
Bellinzona
84%
Fribourg
84%
Lausanne
84%
St. Gallen
84%
Zug
84%
Genève
79%
Neuchâtel
79%
Schaffhausen
79%
Sion
79%
Appenzell
74%
Thun
74%
Solothurn
68%
St. Moritz
68%
Winterthur
68%
Brig
63%
Montreux
63%
Aarburg
58%
Biel/Bienne
58%
Chur
58%
Murten/Morat
58%
Aarau
53%
La Chaux-de-Fonds
53%
Ascona
47%
Lenzburg
47%
Nyon
47%
Burgdorf
42%
Gruyere
42%
Yverdon-les-Bains
37%
Arbon
32%
Baden
32%
Rorschach
32%
Saint-Ursanne
32%
Stein am Rhein
32%
Wil
32%
Brugg
26%
Romont
26%
Scuol
26%
Zofingen
26%
Morcote
16%
Porrentruy
16%
Poschiavo
16%
Diessenhofen
11%
Epesses
11%
Grimentz
11%
Werdenberg
11%
Coripo
5%
Valorbe
5%
Keine übereinstimmenden Quizze gefunden
Verteilung der Resultate
Anzahl Personen mit jedem Resultat
Perzentil nach korrekt beantworteten Fragen
Ihre Resultats-Entwicklung
Sie haben dieses Quiz noch nicht gespielt